Giáo trình điện công trình
Kaydedildi:
| Yazar: | |
|---|---|
| Materyal Türü: | Kitap |
| Dil: | Undetermined |
| Baskı/Yayın Bilgisi: |
H.
Xây dựng
2008
|
| Konular: | |
| Online Erişim: | http://lrc.tdmu.edu.vn/opac/search/detail.asp?aID=2&ID=3598 |
| Etiketler: |
Etiketle
Etiket eklenmemiş, İlk siz ekleyin!
|
| Thư viện lưu trữ: | Trung tâm Học liệu Trường Đại học Thủ Dầu Một |
|---|
| LEADER | 00590nam a2200193Ia 4500 | ||
|---|---|---|---|
| 001 | TDMU_3598 | ||
| 008 | 210410s9999 xx 000 0 und d | ||
| 082 | |a 621.31 | ||
| 090 | |b T685 | ||
| 100 | |a Trần, Thị Mỹ Hạnh | ||
| 245 | 0 | |a Giáo trình điện công trình | |
| 245 | 0 | |c Trần Thị Mỹ Hạnh | |
| 260 | |a H. | ||
| 260 | |b Xây dựng | ||
| 260 | |c 2008 | ||
| 300 | |a 325tr. | ||
| 650 | |a Điện công trình | ||
| 856 | |u http://lrc.tdmu.edu.vn/opac/search/detail.asp?aID=2&ID=3598 | ||
| 980 | |a Trung tâm Học liệu Trường Đại học Thủ Dầu Một | ||